| 000 | 01090nam a2200253 i 4500 | ||
|---|---|---|---|
| 001 | 162404 | ||
| 003 | ES-MaACL | ||
| 005 | 20230906212522.0 | ||
| 008 | 041115s1901 ja bcf |||| | jpn d | ||
| 080 | _a94(599)"1896/98" | ||
| 100 | 1 |
_aPonce, Mariano. _9131258 |
|
| 245 | 1 | 0 |
_aCuestión filipina _b: una exposition [sic] histórico-crítica de hechos relativos a la guerra de la independencia / _cMariano Ponce ; traducida por H. Miyamoto y S. Foudzita. |
| 260 |
_aYokohama : _b[Tokyo Senmon Gakko], _c1901. |
||
| 300 |
_a120 h., [13] h. lám., [1] h. pleg. de mapa ; _c23 cm. |
||
| 530 | _aDisponible en formato digital. | ||
| 546 | _aTexto en japonés. | ||
| 597 | _aPie de imp. y pag. respetando el sentido inverso. | ||
| 599 | _aLám: principalmente retratos. | ||
| 651 | 4 |
_aFilipinas- _xHistoria- _y1896-1898, Insurrección. _9155351 |
|
| 700 | 1 |
_aMiyamoto, M. _9130000 |
|
| 700 | 1 |
_aFoudzita, S. _9141190 |
|
| 852 |
_aES-MaACL _jG-11467 _z. - Dedicatoria autógrafa del autor |
||
| 856 |
_uhttp://bdh-rd.bne.es/viewer.vm?id=0000040781&page=1 _zBiblioteca Digital Hispánica |
||
| 999 |
_c162404 _d162404 |
||